000
00344 a2200157 4500
001
68004
020
_a
9783190018803
040
_c
Anchieta - Pituba
100
_a
Krenn, Wilfried
240
1
0
_a
Motive A1 - arbeitsbuch
_l
por
245
1
0
_a
Motive A1 - arbeitsbuch
300
_a
66
362
0
_a
2015
650
4
_a
Língua alemã
942
_c
BK
999
_c
68004
_d
68004